[Event "Moscow Aeroflot op-A"]
[Site "Moscow"]
[Date "2006.02.13"]
[Round "6"]
[White "Smirnov, Pavel"]
[Black "Shaposhnikov, Evgeny"]
[Result "1-0"]
[WhiteElo "2614"]
[BlackElo "2553"]
[Annotator "Kritz,L"]
[PlyCount "88"]
[EventDate "2006.02.08"]
[EventType "swiss"]
[EventRounds "9"]
[EventCountry "RUS"]
[SourceTitle "CBM 112"]
[Source "ChessBase"]
[SourceDate "2006.06.07"]
[SourceVersion "1"]
[SourceVersionDate "2006.06.07"]
[SourceQuality "1"]

1. e4 c5 2. Nf3 e6 3. d4 cxd4 4. Nxd4 a6 5. Bd3 d5 {Diese Variante ist einfach
nicht gut spielbar und führt zu einer ziemlich schweren Stellung. Stattdessen
werden die folgenden Fortsetzungen öfters gespielt:} (5... Bc5 6. Nb3 Be7 (6...
Ba7)) (5... Nc6 6. Nxc6 dxc6 7. O-O) (5... Nf6 6. O-O Qc7 7. Qe2 d6) 6. exd5
Qxd5 (6... exd5 $2 {ist kein Mal gespielt worden und das auch zurecht:} 7. O-O
Nf6 8. Re1+ (8. Bg5 $5 Be7 9. Nc3 O-O 10. Re1 $16) 8... Be7 9. Qe2 Nc6 10. Nxc6
bxc6 11. Nd2 Be6 (11... Ra7 12. Nb3 O-O 13. Be3 Ra8 14. Bd4 $16) (11... Bg4 12.
Nf3 Bxf3 13. Qxf3 O-O 14. Bg5 $16) 12. Nf3 O-O 13. Nd4 $16 {Weiß hat in allen
Varianten einen sehr großen Entwicklungsvorteil und starke Initiative. Dabei
hat Schwarz gar kein Spiel.}) 7. O-O (7. Nc3 $5 {ist auch eine gute Möglichkeit
} Qxg2 (7... Qe5+ $2 {Das ist wohl das schlechteste Feld für die Dame. Wie man
später sehen wird, ist sie hier den taktischen Überfällen ausgeliefert.} 8. Be3
Nf6 9. O-O Bc5 $6 (9... Be7 10. Re1 Qc7 11. Qf3 O-O 12. Rad1 $16) 10. Re1 O-O
11. Na4 $1 Ba7 (11... Be7 12. Nf3 Qc7 13. Nb6 $18) (11... Bxd4 12. Bxd4 Qc7 (
12... Qxd4 13. Bxh7+ Nxh7 14. Qxd4 $18) 13. Nb6 $18) (11... Nbd7 12. Nxe6 $1
Qxe6 13. Bxc5 $18) 12. Nxe6 $1 fxe6 (12... Bxe6 13. Bxa7 Qf4 14. Bd4 Ng4 15. g3
Qh6 16. h4 Nc6 17. Bc3 $18) (12... Bxe3 13. Rxe3 $18) 13. Bxa7 $16 {Bacrot -
Kamsky (Wijk aan Zee, 2006)}) (7... Qd6 8. O-O Nf6 {->7.0-0}) (7... Qd8 8. O-O
Nf6 {->7.0-0}) (7... Qxd4 $4 8. Bb5+ $18) 8. Be4 Qh3 9. Qe2 (9. Bg5 Nd7 10. Qd2
h6 11. Be3 Ngf6 $13) (9. Bf4 Ba3 $3 10. Na4 Bxb2 11. Nxb2 Qc3+ 12. Qd2 Qxb2 13.
O-O Nf6 $13) 9... Nf6 10. Bf3 Bc5 11. Be3 O-O (11... e5 12. Ndb5 axb5 (12...
Bxe3 13. Nc7+ Kd8 14. Nxa8 Ba7 15. O-O-O+ Nbd7 16. Qxe5 Qxf3 17. Qc7+ Ke7 18.
Rhe1+ $18) 13. Bxc5 Nbd7 14. Bb4 $16) 12. O-O-O $44) 7... Bd7 (7... Nf6 8. Nc3
Qd6 (8... Qd8 9. Bf4 Be7 10. Be2 Bd7 11. Bf3 $16) (8... Qxd4 $4 9. Bb5+ $18) 9.
Be3 Be7 10. Qf3 O-O 11. Rad1 $16) 8. Be3 Nf6 9. Nc3 (9. Be2 $5 Qd6 10. Bf3 Qc7
11. Nd2 Bd6 12. g3 O-O 13. Re1 Rd8 14. Bg5 Be5 15. c3 h6 16. Be3 Bd6 17. Qb3 e5
18. Nf5 Bxf5 19. Bb6 Qd7 20. Bxd8 Qxd8 21. Qxb7 e4 22. Nxe4 Bxe4 23. Bxe4 Nxe4
24. Qxe4 $16 {Spasov - Mastrovasilis (Izmir, 2002)}) (9. c4 Qd6 10. Na3 $6 {
sieht etwas unlogisch aus.} Nc6 11. c5 Qc7 12. Nxc6 Bxc6 13. f3 Rd8 14. Qb3 Be7
15. Rfd1 Rd5 16. Qb6 Qb8 17. Be2 Rh5 $1 18. f4 Nd5 $17 {Skaperdas -
Mastrovasilis (Aspropyrgos, 2003)}) 9... Qd6 10. Ne4 (10. Qf3 Nc6 11. Ne4 Nxe4
12. Qxe4 Nxd4 13. Bxd4 Bc6 14. Qe3 Qd5 15. f3 Rd8 16. c3 Bd6 $13) 10... Nxe4
11. Bxe4 Nc6 (11... Qc7 12. Re1 Be7 13. Qh5 $1 $16) 12. c4 Be7 13. Nb3 Qe5 (
13... Qxd1 14. Rfxd1 f5 15. Bf3 e5 16. Bd5 $16) 14. Qf3 O-O 15. Rad1 $14 {
Die weißen Figuren stehen aktiver während Schwarz noch einige Schwierigkeiten
auf dem Weg zum Ausgleich überwinden muss.} Be8 16. Nd4 Rc8 17. a3 f5 18. Bxc6
Bxc6 19. Nxc6 Rxc6 20. Rd7 Bf6 21. b3 Qb8 22. Rfd1 Qc8 23. a4 Rf7 24. Rxf7 Kxf7
25. c5 e5 26. Qd5+ Qe6 27. Qd7+ Qxd7 28. Rxd7+ Ke6 29. Rxb7 f4 30. Bd2 Rxc5 31.
Rb6+ Kd5 32. Kf1 Rc2 33. Ke1 Bg5 34. f3 e4 35. fxe4+ Kxe4 36. Rxa6 Rb2 37. Re6+
Kd5 38. Re5+ Kxe5 39. Bc3+ Ke4 40. Bxb2 g6 41. Ke2 Bd8 42. b4 g5 43. a5 g4 44.
Bc3 Kd5 1-0

[Event "Capablanca Memorial Elite 46th"]
[Site "Havana"]
[Date "2011.05.17"]
[Round "6"]
[White "Bruzon Batista, Lazaro"]
[Black "Andreikin, Dmitry"]
[Result "0-1"]
[WhiteElo "2693"]
[BlackElo "2687"]
[Annotator "Kritz,L"]
[PlyCount "78"]
[EventDate "2011.05.11"]
[EventType "tourn"]
[EventRounds "10"]
[EventCountry "CUB"]
[EventCategory "19"]
[SourceTitle "CBM 143"]
[Source "ChessBase"]
[SourceDate "2011.07.15"]
[SourceVersion "1"]
[SourceVersionDate "2011.07.15"]
[SourceQuality "1"]

1. e4 c5 2. Nf3 e6 3. d4 cxd4 4. Nxd4 a6 5. Bd3 Bc5 6. Nb3 Be7 (6... Ba7 {
In allen Varianten bekommt Weiß die etwas bessere Stellung.} 7. Qe2 Nc6 8. Nc3
b5 (8... d6 9. Be3 Nge7 10. O-O e5 11. Bxa7 Rxa7 12. Rfd1 $14 {Sadvakasov -
Gozzoli (Paris, 2005)}) 9. Be3 d6 10. f4 Nf6 11. O-O $14 {Hou Yifan - Ding 
(Danzhou, 2011)}) 7. Be3 {Das ist sicherlich eine mögliche, aber keine
prinzipielle Fortsetzung. Stärker ist 7.Qg4, um die Schwäche g6 zu provozieren.
} (7. Qg4 g6 8. Qe2 d6 9. O-O Nd7 10. a4 $5 {Einer von den vielen möglichen
Plänen.} b6 11. Na3 Qc7 12. Nc4 Ngf6 13. Bh6 $14 {Kosintseva N. - Mullon 
(Caleta, 2011)}) 7... Nc6 8. N1d2 d5 {Sehr aggressiv, aber nicht schlecht. Man
kann auch 8....Nf6 spielen.} (8... Nf6 9. f4 (9. Nc4 d5 10. Nb6 Rb8 $11 {
Die schwarze Stellung ist völlig in Ordnung.}) 9... d6 10. a3 e5 11. f5 d5 $132
{Xu Yuhua - Koneru (Doha, 2011)}) 9. exd5 {Früher wurde ein Mal 9.f4
ausprobiert.} (9. f4 $5 dxe4 {Weiß wollte 10.e5, Nf3+/- spielen.} (9... Nf6 10.
e5 Nd7 11. Nf3 $16) (9... d4 10. Bf2 $16) 10. Bxe4 Nf6 11. Bxc6+ $1 (11. Bf3
Nd5 $11) 11... bxc6 12. O-O O-O 13. Nc4 Nd5 14. Bd2 c5 $132 {Miton - Gulko 
(Montreal, 2006)}) 9... exd5 {Ob das ein guter, oder ein schlechter Isolani
ist, ist nicht klar. Auf der einen Seite hat Weiß volle Kontrolle über das
Feld d4, auf der anderen ist es ziemlich schwer, den Bauern d5 anzugreifen.
Wenn man alle Vorteile und Nachteile in Kauf abwiegt, dann ist weiße Stellung
doch ein wenig besser.} 10. O-O Nf6 11. h3 $1 {Um 11....Bg4 zu vermeiden.} (11.
Nf3 $6 Bg4 12. h3 Bh5 $11 {Wenn der Läufer draußen ist, hat Schwarz gutes
Spiel.}) 11... O-O 12. Re1 Re8 13. Bf4 {Der Läufer sieht nur gut aus auf f4,
eigentlich macht er dort nichts. Weiß sollte versuchen, die schwarzfeldrigen
Läufer zu tauschen.} (13. Bc5 $5 Bxc5 (13... h6 14. Qf3 $14) 14. Nxc5 Rxe1+ 15.
Qxe1 b6 16. Ncb3 Qc7 17. c3 Bd7 18. Nf3 Re8 19. Qd2 Ne4 20. Qc2 $14) 13... Nb4
14. Bf1 Nc6 (14... Bf5 15. Nd4 Bg6 16. c3 Nc6 17. Qa4 Qd7 18. N2f3 $36) 15. c3
Bf5 16. Nf3 {Der weißfeldrige Läufer von Schwarz ist rausgekommen, und damit
hat er die Stellung völlig ausgeglichen.} Ne4 (16... Be4 17. Nfd4 $11) 17. Nbd4
Nxd4 {Schwer zu sagen, warum Schwarz selbst die Figuren tauscht und nicht Weiß
auf c6 nehmen lässt.} (17... Bg6 $5 18. Nxc6 $6 {Das sollte man nur dann
machen, wenn man sofort in Vorteil kommt.} bxc6 19. Ne5 Bc5 $1 20. Nd3 Bb6 $36)
18. Nxd4 Bg6 19. g3 $2 {Falscher Plan. Der Läufer hat auf g2 nichts zu suchen.
Wenn Weiß auf Gewinn spielen will, muss er sich an den Bauern d5 ranmachen.} (
19. Bd3 $1 Bc5 20. Bc2 Rc8 (20... Bxd4 $2 21. Qxd4 $16 {Es gibt keinen guten
Abzug mit dem Springer.}) 21. Bb3 $14 {Der weiße Vorteil wird in dieser
Variante deutlich. Die Idee ist Be3-Qf3-Rad1.}) 19... h6 20. Bg2 Qd7 21. Rc1 {
Weiß hat keinen Plan in dieser Stellung - er hat seinen Läufer selbst aus dem
Spiel ausgeschaltet.} (21. Qb3 {ist nicht gut, weil später Nc5 immer sehr
unangenehm folgen wird.} Rad8 22. Rad1 $2 Nc5 23. Qb6 Nd3 $17) (21. a4 Rac8 22.
Qg4 Qd8 $11) 21... Bc5 22. Be3 Rad8 23. Nb3 Bf8 {Schwarz konnte es versuchen,
gleich auf Initiative zu spielen:} (23... Bxe3 $5 24. Rxe3 Ng5 $1 25. Rxe8+ (
25. Qxd5 Nxh3+ 26. Kf1 Rxe3 27. Qxd7 Rxd7 28. Bxh3 (28. fxe3 Ng5 29. Nc5 Rd2
$17) 28... Ree7 29. Bxd7 Rxd7 $15 {Der Läufer ist stärker als der Springer in
solchen Stellungen.}) 25... Rxe8 26. Kh2 (26. Qxd5 Nxh3+ 27. Kf1 (27. Kh2 Qxd5
28. Bxd5 Nxf2 29. Bxb7 Re2 $17) 27... Bd3+ $19) 26... Be4 $1 $36) 24. Qd4 Bf5
25. h4 {Nun werden alle schwarzen Felder im weißen Lager geschwächt.} (25. g4
Bg6 26. f3 $5 {sieht furchtbar aus, aber Weiß kann zumindest ein Paar Figuren
tauschen, und später hoffen, dass er seine Bauernstruktur im Endspiel
verbessern kann.} Nf6 27. Bf4 Rc8 28. Rxe8 Rxe8 29. Kf2 $132 {/\Re1}) 25... Bh3
$1 {Es ist imer zugunsten von Schwarz, diesen Läufer zu tauschen.} 26. Qd1 (26.
Bxh3 Qxh3 {Unter Umständen droht Nxg3-Re4...} 27. Bf4 $6 g5 $1 28. hxg5 hxg5
29. Bc7 Rd7 $17) (26. Qd3 $5 {Die Dame will nach f1 und später nach g2 oder h3,
um den König zu verteidigen.} Qg4 27. Qf1 Bxg2 28. Qxg2 Qg6 29. Rcd1 $11) 26...
Bxg2 27. Kxg2 f5 $5 {Das sieht interessant aus.} 28. Qf3 (28. Qh5 Bd6 29. Rcd1
Rf8 (29... f4 $2 30. Qxd5+ Kh8 31. Bxf4 $18) 30. Kg1 (30. Rxd5 Qc6 31. c4 Nf6
$19) 30... Be5 $36) 28... Bd6 29. Bb6 (29. Bf4 Bxf4 30. Qxf4 g5 $1 31. hxg5
hxg5 32. Qf3 f4 $40) (29. h5 $5 Qf7 30. Nd4 Rf8 $132) 29... f4 $6 {Sicherlich
ein interessanter Versuch, aber man konnte mittels 29....Rc8 in Vorteil kommen.
} (29... Rc8 30. Rcd1 Rc6 31. Be3 Be5 32. Nd4 Rf6 $36) 30. Bxd8 fxg3 (30...
Rxd8 31. g4 $1 $16) 31. Qh5 $4 {Das verliert. Ich kann jedoch nicht sehen, wie
sich Schwarz nach 31.Qd3 retten würde?!} (31. Qd3 $1 Nxf2 (31... gxf2 32. Qxd5+
Kh8 33. Rxe4 $18) (31... Bf4 32. f3 Bxc1 33. Nxc1 Qxd8 (33... Nf2 34. Rxe8+
Qxe8 35. Qxd5+ Kh8 36. Kxg3 $18)) 32. Qxd5+ Kh7 33. Rxe8 $3 Qh3+ 34. Kg1 $18 {
und es gibt kein Matt!}) 31... Re5 $1 {Der schwarze Angriff wird nun tödlich.}
32. Qg6 (32. Qd1 gxf2 33. Re3 Qxd8 $19) 32... gxf2 33. Re3 Qxd8 $19 {Nicht nur
hat Schwarz den materiellen Ausgleich wieder hergestellt, außerdem hat er den
weißen König völlig im Griff.} 34. Rh1 Qd7 35. Kf1 Re6 36. Qg4 h5 37. Qxh5 Ng3+
38. Rxg3 Bxg3 39. Kg2 Re1 0-1

[Event "Dortmund SuperGM 40th"]
[Site "Dortmund"]
[Date "2012.07.20"]
[Round "7"]
[White "Karjakin, Sergey"]
[Black "Caruana, Fabiano"]
[Result "1/2-1/2"]
[WhiteElo "2779"]
[BlackElo "2775"]
[Annotator "Kritz,L"]
[PlyCount "82"]
[EventDate "2012.07.13"]
[EventType "tourn"]
[EventRounds "9"]
[EventCountry "GER"]
[EventCategory "19"]
[SourceTitle "CBM 150"]
[Source "ChessBase"]
[SourceDate "2012.09.14"]
[SourceVersion "1"]
[SourceVersionDate "2012.09.14"]
[SourceQuality "1"]

1. e4 c5 2. Nf3 e6 3. d4 cxd4 4. Nxd4 a6 5. Bd3 {Das ist die Hauptvariante
gegen den Aufbau mit e6 und a6.} Bc5 6. Nb3 Ba7 7. O-O {Die Idee, die in
dieser Partie angewandt wurde, wird nicht so oft gespielt. Schwarz hat
üblicherweise keine großen Sorgen.} (7. Qe2 {ist die klassische Fortsetzung.})
7... Nc6 8. Qg4 (8. Qe2 d6 9. Be3 {führt zu der selben Stellung wie nach 7.Qe2.
}) 8... Nf6 $1 {Schwarz hat keine Angst, den Bauer g7 zu geben. Es ist zu
gefährlich für Weiß, das Opfer anzunehmen.} 9. Qg3 (9. Qxg7 Rg8 10. Qh6 Ne5 11.
Be2 (11. Nc3 b5 12. Bg5 Rg6 13. Qh4 Nf3+ 14. gxf3 h6 15. f4 hxg5 16. fxg5 Nh5
17. Kh1 Rxg5 $17 {Ernst - Hamdouchi (Fuegen, 2006)}) 11... d5 12. Bg5 Neg4 13.
Bxf6 (13. Bxg4 Nxg4 14. Bxd8 Nxh6 15. Bc7 dxe4 $15) 13... Nxf6 14. exd5 Qxd5
15. g3 Qe5 16. Nc3 Bd7 $44 {Salgado Lopez - Smirin (Paks, 2011)}) 9... d6 {
Schwarz verhindert den Vorstoß e5.} (9... Bb8 10. Qh4 $14) (9... O-O 10. Bh6
Nh5 11. Qg4 Qf6 12. Bg5 Qe5 13. Nc3 (13. Qxh5 f6 $15) 13... g6 14. Nd2 $14) 10.
Kh1 {Dieser Zug wird selten gespielt. Schwarz hat danach ziemlich leicht
ausgeglichen. Die alternative Fortsetzung ist Nc3.} (10. Nc3 Ne5 (10... b5 11.
a4 b4 12. Nb5 axb5 13. axb5 Ne5 14. b6 Nh5 (14... Qxb6 15. Qxg7 Rg8 16. Qxf6
$18) 15. Qg5 Qxb6 16. Qxh5 O-O 17. Be3 $14) 11. Be2 b5 12. Bf4 b4 13. Rad1 Qe7
14. Rxd6 Qxd6 15. Bxe5 Qe7 16. Bd6 $44 {Nisipeanu - Korneev (Benidorm, 2005)})
10... e5 11. Nc3 (11. c4 Nh5 12. Qf3 Qh4 13. g3 Qh3 14. Nc3 Nf4 15. Bxf4 Bg4
16. Qg2 Qh5 17. f3 Bh3 $15 {Mokos - Rigo (Slovakia, 2008)}) 11... Nh5 12. Qf3 {
In einer sehr alten Partie hat Weiß sofort die Damen getauscht, jedoch nichts
erreicht.} (12. Qg5 Qxg5 13. Bxg5 h6 14. Bd2 Nf6 15. Nd5 Nxd5 16. exd5 Ne7 $11
{Jimenez Zerquera - Taimanov (Havana, 1964)}) 12... Qh4 13. g3 {Das ist ein
neuer Zug. In dem entstehendem Endspiel hat Weiß jedoch keinen Vorteil.} (13.
Be2 Nf6 14. Nd5 Nxd5 15. exd5 Ne7 16. c4 O-O 17. Qg3 Qxg3 18. hxg3 {Le Goff -
Mullon (Guingamp, 2008)} b5 $1 $15) 13... Qg4 {Der Damentausch ist günstig für
Schwarz, vor allem auch, weil er im Endspiel den kleinen Vorteil hat, dass
sein König schon im Zentrum steht.} 14. Qxg4 (14. Be2 Qxf3+ 15. Bxf3 Nf6 $11)
14... Bxg4 15. Nd5 Rc8 {Schwarz koennte 15....Bh3 versuchen:} (15... Bh3 $5 16.
Nc7+ Kd7 17. Nxa8 Bxf1 18. Bxf1 Rxa8 19. Bh3+ Ke7 20. Kg2 Nf6 $11) 16. Kg2 Be6
$6 {Schwarz konnte sofort ...Nf6 spielen:} (16... Nf6 17. Nxf6+ (17. c4 Nxd5
18. cxd5 Nb4 19. Bb1 Nc2 20. Bxc2 Rxc2 $17) 17... gxf6 18. c3 Ke7 19. Be3 Bxe3
20. fxe3 Rhg8 $11) 17. Nd2 $6 {Das dauert zu lange.} (17. c4 $5 Bxd5 (17... Nf6
18. Bg5 Nd7 19. Rac1 $14) 18. exd5 Nb4 19. Be2 Nf6 20. Bd2 Nc2 21. Rac1 Nd4 22.
Nxd4 Bxd4 23. Bd3 $14) 17... Nf6 {Nun kommt Schwarz leicht zum Ausgleich.} 18.
Nc4 (18. Nxf6+ gxf6 19. Nc4 Bxc4 20. Bxc4 Nd4 $15) 18... Bc5 19. Nxf6+ (19. Be3
Bxe3 (19... Nxd5 20. Bxc5 dxc5 21. Nd6+ Ke7 22. Nxc8+ Rxc8 23. exd5 Bxd5+ 24.
f3 Nb4 $44) 20. Nxf6+ gxf6 21. Nxe3 Nb4 $11) 19... gxf6 20. c3 {Weiß muss
vorsichtig spielen.} (20. Bh6 Nb4 21. Bg7 Rg8 22. Bxf6 b5 23. Nd2 Rg6 24. Bh4
Nxd3 25. cxd3 Bd4 $44) 20... h5 21. h4 (21. Be3 $5 Rd8 (21... h4 22. Bxc5 Bxc4
23. Bxc4 dxc5 24. Rfd1 $16) 22. b4 Bxe3 23. Nxe3 $14) 21... Ne7 (21... d5 $5
22. Ne3 Ne7 {->21....Ne7}) 22. Ne3 d5 {Es kommt zu Vereinfachungen, und
Schwarz endet in einem Endspiel mit schlechterer Bauernstruktur, aber besserer
Entwicklung.} 23. exd5 Nxd5 24. Nf5 (24. Nxd5 Bxd5+ 25. f3 Ke7 $11) (24. Be4
Nxe3+ 25. Bxe3 Bxe3 26. fxe3 Ke7 $11) 24... Rg8 25. Be4 Rd8 26. Re1 {Weiß kann
seine Entwicklung nicht vollenden.} (26. Bd2 Bxf5 27. Bxf5 Ne7 28. Be3 Nxf5 29.
Bxc5 Rd2 $17) 26... Rd7 27. Bh6 Nf4+ 28. Bxf4 exf4 29. b4 (29. Rad1 Kd8 30. b4
Ba7 $11) 29... Bb6 30. Rad1 fxg3 (30... Rxd1 31. Rxd1 Bc7 32. Nh6 Rh8 33. Nf5
Rg8 $11) 31. fxg3 Rxd1 32. Rxd1 Bc7 33. c4 {Weiß kann den Bauern nicht so
leicht verteidigen.} (33. Rd3 Rg4 34. Kf3 Be5 $15) 33... Rg4 (33... Bxf5 34.
Bxf5 Rxg3+ 35. Kf2 Ra3 36. Rd7 Bg3+ 37. Kg2 Bxh4 38. Rxb7 Rxa2+ 39. Kh3 Bg5 40.
c5 $14) 34. Kf3 {Das entstehende Endspiel ist trotz Mehrbauern Remis.} Bxf5 35.
Bxf5 Rxc4 (35... Rxg3+ 36. Ke4 Rc3 37. c5 Rc4+ 38. Rd4 $11) 36. a3 Rc3+ 37. Rd3
Rxd3+ 38. Bxd3 Kf8 39. Be4 b6 40. a4 b5 41. axb5 axb5 1/2-1/2